Computers in engine technology : (Record no. 164639)
[ view plain ]
| 000 -LEADER | |
|---|---|
| fixed length control field | 01119aam a2200253 a 4500 |
| 008 - FIXED-LENGTH DATA ELEMENTS--GENERAL INFORMATION | |
| fixed length control field | |
| 020 ## - INTERNATIONAL STANDARD BOOK NUMBER | |
| International Standard Book Number | 085298765X (pbk.) |
| 049 ## - LOCAL HOLDINGS (OCLC) | |
| Holding library | MAIN |
| 090 0# - LOCALLY ASSIGNED LC-TYPE CALL NUMBER (OCLC); LOCAL CALL NUMBER (RLIN) | |
| Classification number (OCLC) (R) ; Classification number, CALL (RLIN) (NR) | TJ759 COM |
| 003 - CONTROL NUMBER IDENTIFIER | |
| control field | |
| 005 - DATE AND TIME OF LATEST TRANSACTION | |
| control field | 20230123134350.0 |
| 040 ## - CATALOGING SOURCE | |
| Transcribing agency | NUST |
| 111 ## - MAIN ENTRY--MEETING NAME | |
| Meeting name or jurisdiction name as entry element | Computers in engine technology |
| Date of meeting or treaty signing | (1991 September 10-12 : |
| Location of meeting | cambridge, UK) |
| 245 00 - TITLE STATEMENT | |
| Title | Computers in engine technology : |
| Remainder of title | international conference, 10-12 September 1991, Robinson College, University of Cambridge / |
| Statement of responsibility, etc. | sponsored by Combustion Engines Group of the Institution of Mechanical Engineers. |
| 260 ## - PUBLICATION, DISTRIBUTION, ETC. | |
| Place of publication, distribution, etc. | Cambridge : |
| Name of publisher, distributor, etc. | Published for IMechE by Mechanical Engineering Publications, |
| Date of publication, distribution, etc. | 1991. |
| 300 ## - PHYSICAL DESCRIPTION | |
| Extent | 288 p. : |
| Other physical details | ill. ; |
| Dimensions | 30 cm. |
| 440 ## - SERIES STATEMENT/ADDED ENTRY--TITLE | |
| Title | Proceedings of the Institution of Mechanical Engineers. |
| 440 ## - SERIES STATEMENT/ADDED ENTRY--TITLE | |
| Title | IMechE ; |
| Volume/sequential designation | 1991-11. |
| 504 ## - BIBLIOGRAPHY, ETC. NOTE | |
| Bibliography, etc. note | Includes bibliographical references. |
| 650 #0 - SUBJECT ADDED ENTRY--TOPICAL TERM | |
| Topical term or geographic name entry element | Internal combustion engines |
| General subdivision | Data processing |
| -- | Congresses. |
| 710 2# - ADDED ENTRY--CORPORATE NAME | |
| Corporate name or jurisdiction name as entry element | Institution of Mechanical Engineers (Great Britain). |
| Subordinate unit | Combustion Engines Group. |
| 907 ## - LOCAL DATA ELEMENT G, LDG (RLIN) | |
| a | .b1022953x |
| b | 26-03-07 |
| c | 08-02-07 |
| 942 ## - ADDED ENTRY ELEMENTS (KOHA) | |
| Koha item type | Ordinary Loan Books |
| Call number prefix | TJ759 COM |
| Date last seen | Total Checkouts | Full call number | Barcode | Cost, replacement price | Price effective from | Koha item type | Lost status | Source of classification or shelving scheme | Damaged status | Not for loan | Collection | Withdrawn status | Home library | Current library | Shelving location | Date acquired | Cost, normal purchase price |
|---|---|---|---|---|---|---|---|---|---|---|---|---|---|---|---|---|---|
| 01/23/2023 | TJ759 COM | 92003017533 | 80.00 | 01/23/2023 | BOOKS | LCC | NFIC | MAIN | MAIN | GEN | 01/23/2023 | 80.00 |